| 000 | 00372nam a2200121Ia 4500 | ||
|---|---|---|---|
| 008 | 230907s9999||||xx |||||||||||||| ||und|| | ||
| 082 |
_a607.1 _bPFA |
||
| 100 |
_aPfammatter, Ulrich. _932635 |
||
| 245 | 4 | _aThe making of the modern architect and engineer : | |
| 260 |
_aBirkhauser-Publishers for Architecture, _bBasel ; | Boston : _c2000 |
||
| 300 | _a312 p. : | ||
| 942 | _cBK | ||
| 999 |
_c600063 _d600063 |
||